000 00897cab a2200301 4500
001 ABS59251
008 090401t1998 xxu||||| |||| 00| 0 eng d
035 _a(Sirsi) u88701
041 _aeng
100 _aAssaf, S
245 _aBid-Awarding systems: an overview
260 _c1998
350 _a0
490 _aCost Engineering
_v40(8) August 1998, 37-39(3)
520 _aReviews some of the different bid-awarding systems available worldwide, with special emphasis on the systems used in Saudi Arabia and Germany.
650 _aBIDS
650 _aBUILT ENVIRONMENT-BUILDING CONTRACT FORMS
650 _aCOMPETITIVE BIDDING
650 _aCONTRACTORS
650 _aGERMANY
650 _aNEGOTIATION
650 _aSAUDI ARABIA
690 _aBUILT ENVIRONMENT-BUILDING CONTRACT FORMS
700 _aAitah, R,
700 _aBubshait, A,
942 _n0
948 _c29/09/1998
999 _c56070
_d56070